LEADER 01258nam a2200313 i 4500 001 991001415249707536 008 035 $ab14010938-39ule_inst 040 $aDip.to Matematica$beng 082 0 $a515.64 084 $aAMS 49-01 084 $aAMS 49-03 084 $aLC QA315.T7 100 1 $aTonelli, Leonida$028638 245 10$aFondamenti di calcolo delle variazioni /$cLeonida Tonelli 260 $aBologna :$bZanichelli,$c[1921-1923] 300 $a2 v. :$bdiagrs. ;$c24 cm 500 $aErrata slip inserted in v. 1 500 $aEx Libris Mario Lombardo 504 $aIncludes index and bibliography 505 0 $aV. 1.: vii, 466 p. ; V. 2.: viii, 660 p. 650 0$aCalculus of variations 907 $a.b14010938$b12-11-13$c05-10-11 912 $a991001415249707536 945 $aLE013 Fondo Lombardo 49-XX TON11 V.I (1921)$cV. 1$g1$i2013000221144$lle013$og$pE20.00$q-$rn$so $t1$u0$v0$w0$x0$y.i15552135$z12-11-13 945 $aLE013 Fondo Lombardo 49-XX TON11 V.II (1923)$cV. 2$g1$i2013000221137$lle013$og$pE20.00$q-$rn$so $t1$u0$v0$w0$x0$y.i15552160$z12-11-13 996 $aFondamenti di calcolo delle variazioni$9242361 997 $aUNISALENTO 998 $ale013$b05-10-11$cm$da $e-$fita$git $h0$i0 LEADER 02045nam 2200505zu 450 001 9910375888203321 005 20210807005218.0 010 $a1-4503-1300-0 035 $a(CKB)3780000000084919 035 $a(SSID)ssj0001139010 035 $a(PQKBManifestationID)11650939 035 $a(PQKBTitleCode)TC0001139010 035 $a(PQKBWorkID)11171471 035 $a(PQKB)10370533 035 $a(WaSeSS)IndRDA00012770 035 $a(Association for Computing Machinery)10.1145/2413097 035 $a(EXLCZ)993780000000084919 100 $a20160829d2012 uy 101 0 $aeng 135 $aur||||||||||| 181 $ctxt 182 $cc 183 $acr 200 04$aThe 5th International Conference on Pervasive Technologies Related to Assistive Environments : PETRA 2012 : conference program : June 6-8, 2012, Heraklion, Crete, Greece 210 31$a[Place of publication not identified]$cACM$d2012 215 $a1 online resource (307 pages) 225 1 $aACM Other conferences 300 $aBibliographic Level Mode of Issuance: Monograph 410 0$aACM Other conferences 517 1 $aProceedings of the 5th International Conference on Pervasive Technologies Related to Assistive Environments 517 1 $aPETRA2012 the 5th International Conference on PErvasive Technologies Related to Assistive Environments (PETRA 2012), Heraklion, Crete, Greece - June 06 - 09, 2012 606 $aSocial Welfare & Social Work$2HILCC 606 $aSocial Sciences$2HILCC 606 $aDisabilities$2HILCC 615 7$aSocial Welfare & Social Work 615 7$aSocial Sciences 615 7$aDisabilities 700 $aMakedon$b Fillia$0885414 702 $aMakedon$b F 712 02$aAssociation for Computing Machinery-Digital Library. 801 0$bPQKB 906 $aBOOK 912 $a9910375888203321 996 $aThe 5th International Conference on Pervasive Technologies Related to Assistive Environments : PETRA 2012 : conference program : June 6-8, 2012, Heraklion, Crete, Greece$92235750 997 $aUNINA